000 00277nam a2200097Ia 4500
001 794149
005 20250826170703.0
008 250824s9999 xx 000 0 und d
245 0 _aARAPÇA ŞARF NAHİV TERİMLERİ SÖZLÜĞÜ
_cTACETTİN UZUN
260 _bKİTAP DÜNYASI YAYINLARI
999 _c794149
_d794149